LIBRARY & INFORMATION CENTRE, KCAET, TAVANUR

ONLINE PUBLIC ACCESS CATALOGUE (OPAC)

Ice saints / (Record no. 11834)

MARC details
000 -LEADER
fixed length control field 00339cam a2200133ua 4500
041 ## - LANGUAGE CODE
Language code of text/sound track or separate title eng
082 ## - DEWEY DECIMAL CLASSIFICATION NUMBER
Classification number 823.308
Item number JUO/IC
100 ## - MAIN ENTRY--AUTHOR NAME
Personal name Tuohy, Frank .
245 ## - TITLE STATEMENT
Title Ice saints /
260 ## - PUBLICATION, DISTRIBUTION, ETC. (IMPRINT)
Place of publication London :
Name of publisher MacMillan and Company Limited ,
Year of publication 1964.
300 ## - PHYSICAL DESCRIPTION
Number of Pages 214 ; .

No items available.

free website counter